[Event "Shenzhen WGP 2011"]
[Site "Shenzhen CHN"]
[Date "2011.09.13"]
[Round "6"]
[White "Zhao, Xue"]
[Black "Tan, Zhongyi"]
[Result "1/2-1/2"]
[WhiteTitle "GM"]
[BlackTitle "WGM"]
[WhiteElo "2497"]
[BlackElo "2429"]
[WhiteFideId "8601283"]
[BlackFideId "8603642"]
[EventDate "2011.09.07"]

1. d4 d5 2. c4 e6 3. Nc3 Nf6 4. Nf3 Bb4 5. cxd5 exd5 6. Bg5 Nbd7 7. Qc2 c5 8. g3
O-O 9. Bg2 h6 10. Bxf6 Nxf6 11. O-O c4 12. Ne5 Re8 13. b3 Bf5 14. Qxf5 Bxc3 15.
Rad1 cxb3 16. axb3 Qe7 17. e3 b5 18. Qd3 b4 19. Qc2 Rec8 20. Rc1 Qe8 21. Bh3 Rc7
22. Nd3 a5 23. Nc5 Ne4 24. Na4 g6 25. Rfd1 h5 26. Bg2 f5 27. Qe2 Qc6 28. Rc2 Qa6
29. Qxa6 Rxa6 30. Bf1 Ra8 31. f3 Nf6 32. Rdc1 Rac8 33. Ba6 Ra8 34. Bb5 Rac8 35.
Kf1 h4 36. Ba6 Ra8 37. Bd3 hxg3 38. hxg3 Rac8 39. Ke2 Kg7 40. Ba6 Ra8 41. Bb5
Rh8 42. Nxc3 bxc3 43. Rxc3 Rh2+ 44. Ke1 Rxc3 45. Rxc3 Rb2 46. Bd3 Ra2 47. Bc2
Kh6 48. Rc6 Kg7 49. Kd2 Ra1 50. Bd1 Ra2+ 51. Ke1 g5 52. Rc7+ Kh6 53. Bc2 g4 54.
f4 Kg6 55. Rc6 Ra1+ 56. Ke2 Rg1 57. Kf2 Ra1 58. Kg2 Re1 59. Rc3 Ra1 60. Kf2 Ra2
61. Rc6 Ra1 62. Rc5 Ra2 63. Ke1 Ra1+ 64. Ke2 Rg1 65. Kf2 Ra1 66. Rc6 Rh1 67. Kg2
Ra1 68. Kf2 Rh1 69. Kg2 Ra1 70. Kf2 1/2-1/2

[Event "Shenzhen WGP 2011"]
[Site "Shenzhen CHN"]
[Date "2011.09.13"]
[Round "6"]
[White "Hou, Yifan"]
[Black "Muzychuk, Anna"]
[Result "1/2-1/2"]
[WhiteTitle "GM"]
[BlackTitle "IM"]
[WhiteElo "2578"]
[BlackElo "2545"]
[WhiteFideId "8602980"]
[BlackFideId "14111330"]
[EventDate "2011.09.07"]

1. e4 e5 2. Nf3 Nc6 3. Bb5 a6 4. Ba4 Nf6 5. d3 d6 6. c3 b5 7. Bc2 g6 8. Nbd2 Bg7
9. Nf1 h6 10. Ng3 O-O 11. O-O d5 12. h3 dxe4 13. dxe4 Qxd1 14. Rxd1 Bb7 15. Be3
Rfd8 16. Nd2 Bf8 17. f3 Nd7 18. a4 Bc5 19. Ngf1 Kg7 20. Nb3 Be7 21. Bd3 b4 22.
Bf2 bxc3 23. bxc3 Nf8 24. Ne3 Ne6 25. Nd5 Bd6 26. g3 Bc8 27. h4 Nb8 28. Bc4 Nd7
29. Nb4 Ndc5 30. Nxc5 Nxc5 31. Bd5 Bb7 32. Kg2 Bxd5 33. Rxd5 Nd7 34. Nc6 Re8 35.
Rb1 Re6 36. c4 Bf8 37. Rxd7 Rxc6 38. c5 Bxc5 39. Rc1 Rd6 40. Rxc7 Bxf2 41. Kxf2
Rb8 42. R1c2 Rb3 43. R7c3 Rxc3 44. Rxc3 Rd2+ 45. Ke3 Ra2 46. Rc5 Ra3+ 47. Kf2
Ra2+ 48. Ke3 Ra3+ 49. Kf2 Ra2+ 1/2-1/2

[Event "Shenzhen WGP 2011"]
[Site "Shenzhen CHN"]
[Date "2011.09.14"]
[Round "7"]
[White "Ju, Wenjun"]
[Black "Munguntuul, Batkhuyag"]
[Result "1/2-1/2"]
[WhiteTitle "WGM"]
[BlackTitle "IM"]
[WhiteElo "2536"]
[BlackElo "2465"]
[WhiteFideId "8603006"]
[BlackFideId "4900758"]
[EventDate "2011.09.07"]

1. d4 d5 2. c4 c6 3. Nf3 Nf6 4. Nc3 e6 5. Bg5 h6 6. Bxf6 Qxf6 7. g3 Nd7 8. cxd5
exd5 9. Bg2 Bd6 10. O-O O-O 11. Re1 Qd8 12. e4 dxe4 13. Nxe4 Nf6 14. Ne5 Nxe4
15. Bxe4 Be6 16. Bc2 Bxe5 17. Rxe5 Re8 18. Qd3 g6 19. Rae1 Bd7 20. Bb3 Kg7 21.
Qc3 Rxe5 22. Rxe5 Qf8 23. h4 h5 24. d5 f6 25. Re3 Re8 26. Qd4 Rxe3 27. Qxe3 cxd5
28. Bxd5 b6 29. Qf4 Qc5 30. Bg2 a5 31. a3 Be6 32. Qd2 Bf7 33. Bf3 Be8 34. Bg2
Bf7 35. Bf3 Be8 36. Bg2 Bf7 1/2-1/2

[Event "Shenzhen WGP 2011"]
[Site "Shenzhen CHN"]
[Date "2011.09.14"]
[Round "7"]
[White "Danielian, Elina"]
[Black "Kovalevskaya, Ekaterina"]
[Result "1/2-1/2"]
[WhiteTitle "GM"]
[BlackTitle "IM"]
[WhiteElo "2517"]
[BlackElo "2421"]
[WhiteFideId "13300210"]
[BlackFideId "4116704"]
[EventDate "2011.09.07"]

1. d4 d5 2. Nf3 e6 3. g3 c5 4. Bg2 Nc6 5. O-O Nf6 6. c4 dxc4 7. Qa4 Bd7 8. Qxc4
b5 9. Qd3 c4 10. Qd1 Rc8 11. Bg5 Be7 12. Nc3 b4 13. Bxf6 Bxf6 14. Ne4 Be7 15.
Rc1 Na5 16. Nc5 Bb5 17. Qe1 Nc6 18. Qd2 O-O 19. Rfd1 e5 20. e3 exd4 21. exd4
Bxc5 22. dxc5 Qxd2 23. Rxd2 Rfd8 24. Rxd8+ Rxd8 25. Bf1 Na5 26. Ne5 Rd5 27. Nxc4
Rxc5 28. Rd1 Nc6 29. b3 g6 30. f4 Ne7 31. Rd8+ Kg7 32. Ra8 a6 33. Ra7 Nc8 34.
Rb7 a5 35. Ne3 Bxf1 36. Kxf1 Nd6 37. Ra7 h5 38. Ra6 Rc1+ 39. Kg2 Ne4 40. Rxa5
Nc3 41. Ra7 Ra1 42. Nc2 Rxa2 43. Rxa2 Nxa2 44. Kf3 f5 45. Ke3 h4 46. gxh4 Kh6
47. Kf3 Kh5 48. Kg3 Nc3 49. Nxb4 Ne2+ 50. Kf2 Nd4 51. Nd5 Nxb3 52. Kg3 Nd2 53.
Nf6+ Kh6 54. Kf2 Kg7 55. Nd5 Kh6 56. Ke2 Ne4 57. Ke3 Kh5 58. Ne7 Nc5 59. Kd4
Ne6+ 60. Ke5 Nxf4 61. Kxf4 Kxh4 62. Nxg6+ Kh3 63. Kxf5 Kxh2 1/2-1/2

[Event "Shenzhen WGP 2011"]
[Site "Shenzhen CHN"]
[Date "2011.09.15"]
[Round "8"]
[White "Munguntuul, Batkhuyag"]
[Black "Danielian, Elina"]
[Result "0-1"]
[WhiteTitle "IM"]
[BlackTitle "GM"]
[WhiteElo "2465"]
[BlackElo "2517"]
[WhiteFideId "4900758"]
[BlackFideId "13300210"]
[EventDate "2011.09.07"]

1. e4 c6 2. d4 d5 3. e5 Bf5 4. c4 e6 5. Nc3 dxc4 6. Bxc4 Nd7 7. Nge2 Nb6 8. Bb3
Ne7 9. Ng3 Bg6 10. O-O Nf5 11. Nxf5 Bxf5 12. g4 Bg6 13. f4 Qh4 14. f5 exf5 15.
gxf5 Bh5 16. Qd3 O-O-O 17. Be3 Be7 18. Rf2 Kb8 19. Raf1 Bg4 20. Kh1 Qh3 21. Qe4
Nd5 22. Bd2 g6 23. f6 Bb4 24. a3 Ba5 25. Qe1 Bb6 26. Bxd5 cxd5 27. Be3 Qh4 28.
Qd2 Rhe8 29. Rg1 Bd7 30. Rg3 Rc8 31. Kg1 Be6 32. Qd1 Rc4 33. Rf4 Qh6 34. Nb5
Rec8 35. Nd6 Qxf4 36. Nxc4 Bxd4 37. Qxd4 Qxd4 38. Bxd4 Rxc4 39. Rd3 b6 40. Kf2
Rc2+ 41. Kg3 Kb7 42. h4 Kc6 43. Kf4 Rh2 44. Kg5 Kd7 45. Bc3 h5 46. Rd2 Rh3 47.
Rd4 Kc6 48. Ra4 Rg3+ 49. Kh6 a5 50. Rf4 Rg4 51. Rxg4 hxg4 52. Bd4 a4 53. Kg5 Kb5
54. Kf4 Kc4 55. Bxb6 d4 56. Ba7 d3 57. Ke3 g3 58. Kd2 g2 59. Bg1 Bf5 60. Ke3 Kd5
61. Bh2 g1=Q+ 62. Bxg1 Kxe5 63. Bf2 Kxf6 64. Be1 Kg7 65. Bc3+ Kh6 66. Kf4 Kh5
67. Kg3 Be4 68. Bd2 f6 69. Be3 Bd5 70. Bd2 Bb3 71. Bc3 Bc2 72. Bd2 Bd1 73. Bc3
g5 74. hxg5 fxg5 75. Bd2 Kg6 76. Kf2 Kf5 77. Be3 Be2 78. Bd2 g4 79. Be3 Ke4 80.
Bg5 Kd4 81. Bf6+ Kc4 82. Ke3 g3 83. Be5 g2 84. Bh2 Kb3 85. Kd2 Kxb2 86. Bg1 Kxa3
87. Kc3 Ka2 0-1

[Event "Shenzhen WGP 2011"]
[Site "Shenzhen CHN"]
[Date "2011.09.15"]
[Round "8"]
[White "Hou, Yifan"]
[Black "Cmilyte, Viktorija"]
[Result "1-0"]
[WhiteTitle "GM"]
[BlackTitle "GM"]
[WhiteElo "2578"]
[BlackElo "2525"]
[WhiteFideId "8602980"]
[BlackFideId "12801259"]
[EventDate "2011.09.07"]

1. e4 c5 2. Nf3 d6 3. d4 cxd4 4. Nxd4 Nf6 5. Nc3 g6 6. Be3 Bg7 7. f3 O-O 8. Qd2
Nc6 9. g4 Be6 10. O-O-O Nxd4 11. Bxd4 Qa5 12. a3 b5 13. g5 Nd7 14. Nxb5 Qxd2+
15. Rxd2 Rfc8 16. Nxa7 Bxd4 17. Nxc8 Be3 18. Nxe7+ Kf8 19. Nd5 Bxd5 20. exd5 Ne5
21. Be2 Ra4 22. c3 Bxg5 23. Kc2 Bxd2 24. Kxd2 Ke7 25. Ra1 Rh4 26. a4 Kd7 27. a5
Kc7 28. a6 Kb8 29. a7+ Ka8 30. b4 Rxh2 31. Ke3 f5 32. Bb5 f4+ 33. Kxf4 g5+ 34.
Kg3 Rb2 35. Ra3 h5 36. Bc6+ Nxc6 37. dxc6 h4+ 38. Kh3 Rf2 39. b5 Rxf3+ 40. Kg4 1-0

[Event "Shenzhen WGP 2011"]
[Site "Shenzhen CHN"]
[Date "2011.09.15"]
[Round "8"]
[White "Muzychuk, Anna"]
[Black "Tan, Zhongyi"]
[Result "1/2-1/2"]
[WhiteTitle "IM"]
[BlackTitle "WGM"]
[WhiteElo "2545"]
[BlackElo "2429"]
[WhiteFideId "14111330"]
[BlackFideId "8603642"]
[EventDate "2011.09.07"]

1. e4 e5 2. Nf3 Nf6 3. d4 Nxe4 4. Bd3 d5 5. Nxe5 Nd7 6. O-O Nxe5 7. dxe5 Nc5 8.
Be2 Be7 9. Be3 O-O 10. f4 f5 11. exf6 Rxf6 12. c4 Be6 13. cxd5 Qxd5 14. Nc3 Qxd1
15. Raxd1 c6 16. g4 g6 17. Bd4 Rff8 18. b4 Nd7 19. f5 gxf5 20. gxf5 Bd5 21. Nxd5
cxd5 22. Rd3 Nf6 23. Bf3 Bxb4 24. Rb3 Ba5 25. Bxf6 Rxf6 26. Bxd5+ Kh8 27. Rxb7
Rd8 28. Be6 Bb6+ 29. Kg2 Rh6 30. Rd7 Rxd7 31. Bxd7 Rd6 32. Be6 Bd8 33. Rb1 Bb6
34. Rf1 Bd8 35. Kf3 Kg7 36. Rg1+ Kf6 37. Rg8 Bb6 38. Rh8 Kg7 39. Rb8 Kf6 40. Rb7
Rd3+ 41. Kg4 h5+ 42. Kxh5 Rh3+ 43. Kg4 Rxh2 44. Rf7+ Ke5 45. Bb3 Rg2+ 46. Kf3
Rf2+ 47. Kg4 Rg2+ 48. Kf3 Rf2+ 49. Kg4 Rg2+ 1/2-1/2

[Event "Shenzhen WGP 2011"]
[Site "Shenzhen CHN"]
[Date "2011.09.17"]
[Round "9"]
[White "Cmilyte, Viktorija"]
[Black "Muzychuk, Anna"]
[Result "0-1"]
[WhiteTitle "GM"]
[BlackTitle "IM"]
[WhiteElo "2525"]
[BlackElo "2545"]
[WhiteFideId "12801259"]
[BlackFideId "14111330"]
[EventDate "2011.09.07"]

1. Nf3 d5 2. d4 Nf6 3. c4 c6 4. Nc3 e6 5. Bg5 h6 6. Bxf6 Qxf6 7. e3 g6 8. Bd3
Bg7 9. e4 dxe4 10. Nxe4 Qd8 11. c5 O-O 12. Nd6 b6 13. O-O bxc5 14. dxc5 Nd7 15.
Qc2 Rb8 16. b3 Bxa1 17. Rxa1 Qa5 18. Rc1 Qxc5 19. Nxc8 Qa3 20. Bxg6 Rbxc8 21. b4
Qxb4 22. Rb1 Qc5 23. Qe4 Kg7 24. Nd4 Qd5 25. Qg4 Ne5 0-1

[Event "Shenzhen WGP 2011"]
[Site "Shenzhen CHN"]
[Date "2011.09.17"]
[Round "9"]
[White "Ruan, Lufei"]
[Black "Hou, Yifan"]
[Result "0-1"]
[WhiteTitle "WGM"]
[BlackTitle "GM"]
[WhiteElo "2477"]
[BlackElo "2578"]
[WhiteFideId "8602727"]
[BlackFideId "8602980"]
[EventDate "2011.09.07"]

1. e4 c5 2. Nf3 d6 3. d4 cxd4 4. Nxd4 Nf6 5. Nc3 a6 6. Be2 e6 7. O-O Be7 8. f4
O-O 9. Kh1 Nc6 10. Be3 Bd7 11. Nb3 b5 12. Bf3 Qc7 13. a3 Rad8 14. g4 h6 15. Bg2
d5 16. e5 Nh7 17. Nd4 f6 18. exf6 Bxf6 19. f5 Nxd4 20. Bxd4 Kh8 21. Qd3 Bxd4 22.
Qxd4 exf5 23. gxf5 Bxf5 24. Nxd5 Qxc2 25. Rac1 Qe2 26. Rc7 Qg4 27. Qxg4 Bxg4 28.
Nf4 Rf6 29. h3 Bd1 30. Kg1 Bb3 31. Be4 Nf8 32. Nh5 Rxf1+ 33. Kxf1 Rd7 34. Rc8
Kg8 35. Ra8 Bc4+ 36. Kf2 Rd2+ 37. Ke3 Rxb2 38. Nf4 Kf7 39. Rxa6 Ne6 40. Nd5 Re2+ 0-1

[Event "Shenzhen WGP 2011"]
[Site "Shenzhen CHN"]
[Date "2011.09.17"]
[Round "9"]
[White "Kovalevskaya, Ekaterina"]
[Black "Munguntuul, Batkhuyag"]
[Result "1/2-1/2"]
[WhiteTitle "IM"]
[BlackTitle "IM"]
[WhiteElo "2421"]
[BlackElo "2465"]
[WhiteFideId "4116704"]
[BlackFideId "4900758"]
[EventDate "2011.09.07"]

1. c4 c5 2. Nf3 g6 3. d4 Bg7 4. e4 Qa5+ 5. Bd2 Qb6 6. Bc3 Nf6 7. d5 d6 8. Bd3
O-O 9. O-O e5 10. dxe6 Bxe6 11. Na3 Nc6 12. Nc2 Rfe8 13. Rb1 Nd7 14. Bxg7 Kxg7
15. Ng5 Nf8 16. f4 f6 17. Nf3 Bf7 18. Qd2 Qa5 19. Qxa5 Nxa5 20. b3 a6 21. Rfe1
Rab8 22. Rbd1 b5 23. cxb5 axb5 24. Bf1 Rb6 25. e5 Nb7 26. exf6+ Kxf6 27. Ng5 Ne6
28. Nxh7+ Kg7 29. Ng5 Nxg5 30. fxg5 Rxe1 31. Rxe1 d5 32. Re7 Nd6 33. Rc7 c4 34.
Be2 Kf8 35. Bf3 Ra6 36. Nb4 cxb3 37. axb3 Ra1+ 38. Kf2 Rb1 39. Bxd5 Bxd5 40.
Nxd5 Rxb3 41. h4 Ne4+ 42. Ke1 b4 43. Nf4 Rb1+ 44. Ke2 b3 45. Nd3 b2 46. Rb7 Nc3+
47. Kf2 Rh1 48. Nxb2 Rxh4 49. Kf3 Rd4 50. Rb3 Nd5 51. Nd3 Ne7 52. Ne5 Rd6 53.
Rb8+ Kg7 54. Rb7 Kf8 55. Ke4 Rd2 56. g4 Re2+ 57. Kd4 Rd2+ 58. Ke3 Rd1 59. Rb8+
Kg7 60. Rb7 Kf8 61. Rb6 Re1+ 62. Kd4 Rd1+ 63. Kc4 Rc1+ 64. Kd3 Rg1 65. Ke2 Ra1
66. Rf6+ Ke8 67. Nxg6 Nxg6 68. Rxg6 Kf7 69. Rd6 Ra5 70. g6+ Kg7 71. Kf3 Rg5 72.
Kf4 Rxg6 73. Rd7+ Kg8 74. Kf5 Ra6 75. Re7 Ra5+ 76. Kf6 Ra6+ 77. Kg5 Ra5+ 78. Kh6
Ra6+ 79. Kh5 Ra5+ 80. g5 Ra6 81. Rb7 Rc6 82. Rb4 Kg7 83. Rb5 Ra6 84. Rc5 Rb6 85.
Rc7+ Kg8 86. Ra7 Rc6 87. Ra5 Kg7 88. g6 Rc1 89. Ra7+ Kg8 90. Ra8+ Kg7 91. Ra7+
Kg8 92. Ra8+ 1/2-1/2

[Event "Shenzhen WGP 2011"]
[Site "Shenzhen CHN"]
[Date "2011.09.18"]
[Round "10"]
[White "Zhao, Xue"]
[Black "Danielian, Elina"]
[Result "0-1"]
[WhiteTitle "GM"]
[BlackTitle "GM"]
[WhiteElo "2497"]
[BlackElo "2517"]
[WhiteFideId "8601283"]
[BlackFideId "13300210"]
[EventDate "2011.09.07"]

1. d4 d5 2. c4 c6 3. Nf3 Nf6 4. Nc3 dxc4 5. a4 Bf5 6. Nh4 Bg4 7. h3 Bh5 8. g4
Bg6 9. Nxg6 hxg6 10. e3 e6 11. Bxc4 Bb4 12. Qf3 Nbd7 13. Bd2 a5 14. g5 Nd5 15.
h4 Qe7 16. Bb3 N5b6 17. O-O-O O-O-O 18. Na2 Bxd2+ 19. Rxd2 Kb8 20. Kb1 Ka8 21.
e4 e5 22. Qc3 exd4 23. Rxd4 Nc5 24. Rxd8+ Rxd8 25. Qxa5+ Kb8 26. Re1 Nxb3 27.
Qxb6 Rd1+ 28. Kc2 Rxe1 29. Kxb3 Qe6+ 30. Ka3 Qd6+ 31. Kb3 Qd1+ 32. Ka3 Qd6+ 33.
Kb3 Qd3+ 34. Nc3 Rxe4 35. Qc5 Re8 36. a5 Rd8 37. Qe5+ Ka7 38. Qxg7 Rd5 39. Qxf7
Rb5+ 40. Ka2 Rxa5+ 41. Kb3 Rb5+ 42. Ka2 Rb4 43. Qe7 Qc4+ 44. Ka1 Qa6+ 45. Kb1
Qb6 46. Kc1 Qa5 47. Qe3+ c5 48. Kb1 Rxh4 49. Qd3 Qa6 50. Qe3 Rd4 51. Qe8 Rb4 52.
Qe3 Qf1+ 53. Kc2 Qc4 54. Kb1 Qd4 55. Qe6 Qd3+ 56. Kc1 Qf1+ 57. Kc2 Qxf2+ 58. Ne2
Qf5+ 0-1

[Event "Shenzhen WGP 2011"]
[Site "Shenzhen CHN"]
[Date "2011.09.18"]
[Round "10"]
[White "Hou, Yifan"]
[Black "Ju, Wenjun"]
[Result "1/2-1/2"]
[WhiteTitle "GM"]
[BlackTitle "WGM"]
[WhiteElo "2578"]
[BlackElo "2536"]
[WhiteFideId "8602980"]
[BlackFideId "8603006"]
[EventDate "2011.09.07"]

1. e4 c5 2. Nf3 d6 3. d4 cxd4 4. Nxd4 Nf6 5. Nc3 a6 6. f4 e5 7. Nf3 Nbd7 8. a4
Be7 9. Bc4 O-O 10. O-O Qb6+ 11. Kh1 exf4 12. a5 Qc5 13. Bb3 Ne5 14. Bxf4 Ng6 15.
Bg3 Bg4 16. Qd2 Rae8 17. h3 Bd7 18. Qd4 Bc6 19. Qd3 Nh5 20. Bf2 Qb4 21. Nd4 Nhf4
22. Qf3 Bf6 23. Nxc6 bxc6 24. Bb6 Bxc3 25. Ra4 Qb5 26. bxc3 c5 27. Raa1 Re7 28.
Qe3 Nh5 29. Bd5 Nf6 30. Rxf6 gxf6 31. Qf3 Re5 32. Qxf6 Qd7 33. Rd1 Rh5 34. Rd3
Re5 35. Rg3 Qe7 36. Rxg6+ hxg6 37. Qxg6+ Kh8 38. Qh6+ Kg8 39. Qg6+ Kh8 40. Qh6+ 1/2-1/2

[Event "Shenzhen WGP 2011"]
[Site "Shenzhen CHN"]
[Date "2011.09.18"]
[Round "10"]
[White "Muzychuk, Anna"]
[Black "Ruan, Lufei"]
[Result "1/2-1/2"]
[WhiteTitle "IM"]
[BlackTitle "WGM"]
[WhiteElo "2545"]
[BlackElo "2477"]
[WhiteFideId "14111330"]
[BlackFideId "8602727"]
[EventDate "2011.09.07"]

1. e4 e5 2. Nf3 Nc6 3. Bb5 Nf6 4. d3 Bc5 5. Bxc6 dxc6 6. h3 Bd6 7. O-O c5 8.
Nbd2 O-O 9. Nc4 Nd7 10. Nh2 Re8 11. f4 exf4 12. Bxf4 Bxf4 13. Rxf4 Nf8 14. Qd2
Be6 15. Ne3 Ng6 16. Rf2 Qd4 17. c3 Qd6 18. d4 cxd4 19. cxd4 Rad8 20. Rd1 c5 21.
Nf5 Bxf5 22. exf5 Nf8 23. dxc5 Qc7 24. Qc2 Rxd1+ 25. Qxd1 Qxc5 26. f6 Ne6 27.
fxg7 Rd8 28. Qf3 Ng5 29. Qxb7 Rd1+ 30. Nf1 Rxf1+ 31. Kxf1 Qc1+ 32. Ke2 Qc2+ 33.
Ke1 Qc1+ 34. Ke2 Qc2+ 35. Ke1 Qc1+ 1/2-1/2

[Event "Shenzhen WGP 2011"]
[Site "Shenzhen CHN"]
[Date "2011.09.18"]
[Round "10"]
[White "Tan, Zhongyi"]
[Black "Cmilyte, Viktorija"]
[Result "1-0"]
[WhiteTitle "WGM"]
[BlackTitle "GM"]
[WhiteElo "2429"]
[BlackElo "2525"]
[WhiteFideId "8603642"]
[BlackFideId "12801259"]
[EventDate "2011.09.07"]

1. d4 f5 2. c4 Nf6 3. Nf3 g6 4. g3 Bg7 5. Bg2 O-O 6. O-O d6 7. Nc3 c6 8. d5 e5
9. dxe6 Bxe6 10. b3 Na6 11. Bb2 Qe7 12. Re1 Ne4 13. Qc1 Nac5 14. Nxe4 Bxb2 15.
Qxb2 fxe4 16. Nd4 e3 17. f4 Bg4 18. Qc2 g5 19. b4 Ne6 20. Nxe6 Qxe6 21. b5 Bf5
22. Qb3 gxf4 23. bxc6 bxc6 24. Bxc6 Be4 25. Bxe4 Qxe4 26. c5+ d5 27. Rad1 Rad8
28. Qd3 Qe6 29. gxf4 Rxf4 30. Rf1 Re4 31. Kh1 Kh8 32. c6 Qe5 33. Rf3 d4 34. c7
Re8 35. Qc4 Rh4 36. h3 Rc8 37. Rg1 Qe4 38. Rg2 Qe7 39. Rfg3 h6 40. Qg8+ Rxg8 41.
Rxg8+ Kh7 42. Rh8+ 1-0

[Event "Shenzhen WGP 2011"]
[Site "Shenzhen CHN"]
[Date "2011.09.19"]
[Round "11"]
[White "Ruan, Lufei"]
[Black "Tan, Zhongyi"]
[Result "1/2-1/2"]
[WhiteTitle "WGM"]
[BlackTitle "WGM"]
[WhiteElo "2477"]
[BlackElo "2429"]
[WhiteFideId "8602727"]
[BlackFideId "8603642"]
[EventDate "2011.09.07"]

1. e4 d6 2. d4 Nf6 3. Nc3 g6 4. Nf3 Bg7 5. h3 O-O 6. Be3 c6 7. Qd2 Nbd7 8. Bd3
e5 9. O-O Re8 10. Rfe1 exd4 11. Nxd4 Nc5 12. Bh6 Nxd3 13. cxd3 Bxh6 14. Qxh6 Qb6
15. Nb3 Be6 16. Qf4 Nh5 17. Qe3 Bxb3 18. Qxb6 axb6 19. axb3 Nf4 20. Rad1 b5 21.
b4 d5 22. g3 Nxh3+ 23. Kg2 Ng5 24. exd5 cxd5 25. Nxd5 Rxe1 26. Rxe1 Rd8 27. Nf4
f6 28. Re7 b6 29. Rb7 Rd6 30. Ne2 Rxd3 31. Rxb6 Rd2 32. Nc3 Rxb2 33. Rxb5 f5 34.
Na4 Ra2 35. Nc5 Rb2 36. Rb7 Ne4 37. Nxe4 fxe4 38. Kg1 h5 39. b5 g5 40. b6 h4 41.
gxh4 gxh4 42. Re7 Rxb6 43. Rxe4 Kf7 44. Rxh4 Kg6 45. Kg2 Kg5 46. Ra4 Rb3 47. f3
Rb2+ 48. Kg3 Rb5 49. Ra8 Kf5 50. Rh8 Kg5 51. f4+ Kg6 52. Kg4 Ra5 53. Rf8 Kg7 54.
Rb8 Kf6 55. Rb6+ Kf7 56. f5 Ra1 1/2-1/2

[Event "Shenzhen WGP 2011"]
[Site "Shenzhen CHN"]
[Date "2011.09.19"]
[Round "11"]
[White "Ju, Wenjun"]
[Black "Muzychuk, Anna"]
[Result "1/2-1/2"]
[WhiteTitle "WGM"]
[BlackTitle "IM"]
[WhiteElo "2536"]
[BlackElo "2545"]
[WhiteFideId "8603006"]
[BlackFideId "14111330"]
[EventDate "2011.09.07"]

1. d4 d5 2. c4 c6 3. Nf3 Nf6 4. e3 Bg4 5. Nc3 e6 6. Qb3 Qb6 7. Nh4 Bh5 8. h3 g5
9. Nf3 h6 10. Bd3 Bxf3 11. gxf3 Nbd7 12. Bd2 O-O-O 13. O-O-O Kb8 14. Kb1 Rg8 15.
Rhg1 Be7 16. Qxb6 axb6 17. cxd5 exd5 18. Ne2 Nh5 19. Ng3 Nxg3 20. fxg3 Nf8 21.
f4 Ne6 22. Bc3 gxf4 23. gxf4 Bh4 24. Rg4 Bf2 25. Bd2 h5 26. Rxg8 Rxg8 27. Rf1
Rg2 28. Kc1 c5 29. dxc5 Nxc5 30. Bc2 Ne4 31. Bb3 d4 32. exd4 Bxd4 33. Bc3 Nxc3
34. bxc3 Be3+ 35. Kb1 f6 36. Bd1 h4 37. Bg4 Bd2 38. Rf3 Rg3 39. Kc2 Rxf3 40.
Bxf3 Bxf4 41. Kd3 Kc7 42. Ke4 1/2-1/2

[Event "Shenzhen WGP 2011"]
[Site "Shenzhen CHN"]
[Date "2011.09.19"]
[Round "11"]
[White "Danielian, Elina"]
[Black "Hou, Yifan"]
[Result "1/2-1/2"]
[WhiteTitle "GM"]
[BlackTitle "GM"]
[WhiteElo "2517"]
[BlackElo "2578"]
[WhiteFideId "13300210"]
[BlackFideId "8602980"]
[EventDate "2011.09.07"]

1. Nf3 Nf6 2. c4 e6 3. g3 d5 4. Bg2 Be7 5. O-O O-O 6. d4 dxc4 7. Qc2 a6 8. a4
Bd7 9. Ne5 Bc6 10. Nxc6 Nxc6 11. e3 Na5 12. Nd2 c5 13. dxc5 Qc7 14. b4 cxb3 15.
Nxb3 Nxb3 16. Qxb3 Rab8 17. Ba3 Nd7 18. Rfc1 Nxc5 19. Bxc5 Bxc5 20. Bxb7 Qe7 21.
Rab1 a5 22. Qc4 Bxe3 23. Qc7 Qxc7 24. Rxc7 Bd2 25. Rd7 Rfd8 26. Rxd8+ Rxd8 27.
Rd1 g5 28. Bg2 Rd4 29. Kf1 Bc3 30. Rxd4 Bxd4 31. Ke2 Kg7 32. Bc6 g4 33. Bg2 Kf6
34. h3 gxh3 35. Bxh3 Ke5 36. f4+ Ke4 37. Bg2+ Kf5 38. Bh3+ Ke4 39. Bg2+ Kf5 40.
Bh3+ Ke4 1/2-1/2

[Event "Shenzhen WGP 2011"]
[Site "Shenzhen CHN"]
[Date "2011.09.19"]
[Round "11"]
[White "Kovalevskaya, Ekaterina"]
[Black "Zhao, Xue"]
[Result "1/2-1/2"]
[WhiteTitle "IM"]
[BlackTitle "GM"]
[WhiteElo "2421"]
[BlackElo "2497"]
[WhiteFideId "4116704"]
[BlackFideId "8601283"]
[EventDate "2011.09.07"]

1. c4 e5 2. Nc3 Nf6 3. Nf3 Nc6 4. e3 d6 5. d4 g6 6. dxe5 Nxe5 7. Nxe5 dxe5 8.
Qxd8+ Kxd8 9. b3 Bb4 10. Bb2 c6 11. O-O-O+ Bd7 12. Be2 h5 13. f4 Ke7 14. fxe5
Ng4 15. Ne4 Bf5 16. Bxg4 Bxg4 17. Rd4 Bf5 18. Nd6 Bc5 19. Nxb7 Bxd4 20. exd4 h4
21. Rf1 Rh5 22. Ba3+ Kd7 23. Nd6 Ke6 24. Nb7 Kd7 25. Nd6 Ke6 26. Nb7 Kd7 1/2-1/2